banner koha

Quiabo abre as portas ao mercado consumidor (Registro n. 298662)

MARC details
000 -LÍDER
fixed length control field 00943nab a22002537a 4500
003 - CÓDIGO MARC DA AGÊNCIA CATALOGADORA
Campo de controle BR-BrBNA
005 - DATA E HORA DA ÚLTIMA ATUALIZAÇÃO
Campo de controle 20240301181020.0
008 - CAMPO DE TAMANHO FIXO
fixed length control field 240301b bl.||||| |||| 00| 0 por d
040 ## - FONTE DA CATALOGAÇÃO
Agência catalogadora BR-BrBNA
Idioma da catalogação por
072 ## - CATEGORIA AGRIS
Código AGRIS F01 ; F03 ; H01
Código do objeto 1840
100 ## - ENTRADA PRINCIPAL - NOME PESSOAL
Nome pessoal Richter, Neide Terezinha
100 ## - ENTRADA PRINCIPAL - NOME PESSOAL
Nome pessoal Tessarioli Neto, João (cons.)
245 ## - TÍTULO PRINCIPAL
Título principal Quiabo abre as portas ao mercado consumidor
500 ## - NOTA GERAL
Nota geral 8 ref.; 2 illus.
942 ## - ADDED ENTRY ELEMENTS (KOHA)
Koha item type
650 ## - ASSUNTO - THESAGRO
Cabeçalho tópico ou nome geográfico QUIABO
650 ## - ASSUNTO - THESAGRO
Cabeçalho tópico ou nome geográfico LEGUME
650 ## - ASSUNTO - THESAGRO
Cabeçalho tópico ou nome geográfico VARIEDADE
650 ## - ASSUNTO - THESAGRO
Cabeçalho tópico ou nome geográfico PRÁTICA CULTURAL
650 ## - ASSUNTO - THESAGRO
Cabeçalho tópico ou nome geográfico COLHEITA
650 ## - ASSUNTO - THESAGRO
Cabeçalho tópico ou nome geográfico TECNOLOGIA DE ALIMENTO
773 0# - ENTRADA ANALÍTICA
Host Biblionumber 1330
Registro do item 275254
Imprenta Campinas-SP Coordenadoria de Assistência Técnica Integral - CATI - Centro de Comunicação Rural e Treinamento - CECORT 1979. Data final de publicação em 1990
Outro identificador 2023-437060
Título Casa da Agricultura (Brazil)
ISSN 0100-6541
Colação v. 3(1) p. 30-33 (Jan-Feb 1981)
Número de controle de registro BR2024000186

Nenhum exemplar disponível.

BINAGRI

Telefone: (61)3218-2567/2388/3357/2097 - binagri@agro.gov.br

Ministério da Agricultura e Pecuária , Esplanada dos Ministérios, Bloco D, Anexo B, Brasília/DF, CEP: 70.043-900